000 00743pam a2200229 a 4500
001 2016201
005 20180131074229.0
008 911114s1992 njua b 001 0 eng
010 _a 91039569
020 _a0134989244
040 _aDLC
_cDLC
_dDLC
041 _aeng
080 _a004.35 lev
082 0 0 _a004.35 lev
_220
100 1 _a28
101 _ashk
245 1 0 _aIntroduction to parallel computing /
_cTed G. Lewis and Hesham El-Rewini, with In-Kyu Kim.
504 _aIncludes bibliographical references and index.
906 _a7
_bcbc
_corignew
_d1
_eocip
_f19
_gy-gencatlg
942 _2ddc
_cBK
999 _c41386
_d41386